000 01013nam a2200277Ia 4500
001 Para_10339
003 CHAP
008 220125sOctu xx 000 0 und d
010 _a208995
040 _cCHAP
090 _aPA CD - TESIS 369
100 _aRojas Jarquín, Adán
_9128768
245 _aRespuesta de noventa y seis trigos harineros (Triticum aestivum L.) a nivel de plantula al daño de la roya amarilla (Puccinia striiformis) /
_c Adán Rojas Jarquín; Director Santos Gerardo Leyva Mir
260 _aChapingo, Méx. :
_b el autor
300 _a1 CDS ROM (50 p.)
502 _aTesis (Ing. Agr. Esp. en Parasitología Agrícola). UACh. Departamento Parasitología Agrícola
700 _aLeyva Mir, Santos Gerardo. Director
_9171335
710 _aUACh Departamento Parasitología Agrícola
901 _aPA CD - TESIS 369
902 _aM
905 _a513220Octubre, 2014 nm 8100000000 06
910 _aOctu
942 _cPARA
942 _cPARA
_d2
999 _c208995
_d208995